Analýza vzťahu prítoku do nezamestnanosti a podielu (počet voľných pracovných miest/počet nezamestnaných) diplomová práca
Uložené v:
| Hlavný autor: | |
|---|---|
| Korporativný autor: | |
| Ďalší autori: | |
| Médium: | Kniha |
| Jazyk: | Slovak |
| Vydavateľské údaje: |
Bratislava
2015
|
| Tagy: |
Žiadne tagy, Buďte prvý, kto otaguje tento záznam!
|
MARC
| LEADER | 00000nbm a2200000 4500 | ||
|---|---|---|---|
| 001 | 0201569 | ||
| 005 | 20161212111758.9 | ||
| 041 | 0 | |a slo | |
| 044 | |a SK | ||
| 245 | 1 | 0 | |a Analýza vzťahu prítoku do nezamestnanosti a podielu (počet voľných pracovných miest/počet nezamestnaných) |b diplomová práca |c Martin Sokol ; školiteľ: Eva Rublíková |
| 264 | 1 | |a Bratislava |c 2015 | |
| 300 | |a 79 s. | ||
| 100 | 1 | |a Sokol, Martin | |
| 700 | 1 | |a Rublíková, Eva | |
| 710 | 2 | |a Fakulta hospodárskej informatiky EU. Katedra štatistiky | |